Plan de protección y mejoramiento de la imagen urbana del Centro Histórico de la ciudad de Santa Ana, El Salvador (Registro nro. 21244)

Detalles MARC
000 -CABECERA
Longitud fija campo de control 01131nam a22002417a 4500
003 - IDENTIFICADOR DELl NÚMERO DE CONTROL
Identificador del número de control OSt
005 - FECHA Y HORA DE LA ÚLTIMA TRANSACCIÓN
Fecha y hora de la última transacción 20170608093035.0
008 - CÓDIGOS DE INFORMACIÓN DE LONGITUD FIJA
Códigos de información de longitud fija 150408b2011 slv spa
040 ## - FUENTE DE LA CATALOGACIÓN
Centro transcriptor BMC
082 ## - NÚMERO DE LA CLASIFICACIÓN DECIMAL DEWEY
Númeroo de clasificación 721
100 1# - PUNTO DE ACCESO PRINCIPAL-NOMBRE DE PERSONA
9 (RLIN) 34787
Nombre de persona Chacón Esquivel, Juan José
245 10 - MENCIÓN DE TÍTULO
Título Plan de protección y mejoramiento de la imagen urbana del Centro Histórico de la ciudad de Santa Ana, El Salvador
Resto del título : Informe de proyecto
Mención de responsabilidad, etc. Juan José, Chacón Esquivel, Karen Elena Guevara Sagastume
260 ## - PUBLICACIÓN, DISTRIBUCIÓN, ETC. (PIE DE IMPRENTA)
Lugar de publicación, distribución, etc. Santa Ana (El Salvador)
Nombre del editor, distribuidor, etc. Universidad Católica de El Salvador
Fecha de publicación, distribución, etc. 2011
300 ## - DESCRIPCIÓN FÍSICA
Extensión 1 v. (pág. var.)
Otras características físicas il. col. y planos
Dimensiones 28 cm
Material anejo + 1 disco compacto
500 ## - NOTA GENERAL
Nota general Precede al tít.: Universidad Católica de El Salvador, Facultad de Ingeniería y Arquitectura
500 ## - NOTA GENERAL
Nota general Período de realización de marzo a septiembre de 2010
502 ## - NOTA DE TESIS
Nota de tesis Para optar al título de Arquitecto
650 24 - PUNTO DE ACCESO ADICIONAL DE MATERIA - TÉRMINO DE MATERIA
9 (RLIN) 8971
Término de materia o nombre geográfico como elemento inicial Diseño arquitectónico
650 24 - PUNTO DE ACCESO ADICIONAL DE MATERIA - TÉRMINO DE MATERIA
9 (RLIN) 4860
Término de materia o nombre geográfico como elemento inicial Proyectos de arquitectura
700 1# - PUNTO DE ACCESO ADICIONAL - NOMBRE DE PERSONA
9 (RLIN) 34789
Nombre de persona Guevara Sagastume, Karen Elena
710 2# - PUNTO DE ACCESO ADICIONAL - NOMBRE DE ENTIDAD
9 (RLIN) 1166
Nombre de entidad o nombre de jurisdicción como elemento inicial Universidad Católica de El Salvador
Unidad subordinada Facultad de Ingeniería y Arquitectura
942 ## - ENTRADA DE ELEMENTOS AGREGADOS (KOHA)
Fuente de clasificaión o esquema Dewey Decimal Classification
Koha [por defecto] tipo de item 4- Trabajo de Graduación
Existencias
Suprimido Perdido Fuente de clasificación o esquema Estropeado Restricciones de uso No para préstamo Código de colección Localización permanente Localización actual Localización en estanter&íacute;as Fecha adquisición Fuente de adquisición Número de inventario Préstamos totales Signatura completa Código de barras Fecha última consulta Fecha último préstamo Fecha del precio de reemplazo Tipo de item de Koha
NULL NULL Dewey Decimal Classification NULL Prestable NULL NULL Biblioteca Miguel de Cervantes - UNICAES Biblioteca Miguel de Cervantes - UNICAES Sala Principal 08/06/2015 Donación - Juan José Chacón Esquivel, Karen Elena Guevara Sagastume 000641 4 P-000641 1031652 31/05/2019 30/05/2019 08/06/2015 4- Trabajo de Graduación